000 00607cam a22002173a 4500
001 40864
003 PGUSA
005 20140828083919.0
008 120925s2012||||xxu|||||s|||||000 | eng d
040 _aPGUSA
_beng
042 _adc
100 1 _aDuncker, Max
245 1 4 _aThe History of Antiquity, Vol. III (of VI)
_h[electronic resource] /
_cMax Duncker
260 _bProject Gutenberg,
_c2012
506 _aPublic domain in the USA.
516 _aElectronic text
700 1 _aAbbott, Evelyn
830 0 _aProject Gutenberg
_v40864
856 4 0 _uhttp://www.gutenberg.org/ebooks/40864
942 _cEB
999 _c270116
_d270116